00728 2200253 4500001002100000005001700021008004100038020001800079035002400097082001100121090001800132100001500150245009200165250001000257260003700267300001900304500006500323650001300388700002400401850001500425980001300440985000600453999001500459YOGYA-0209000006064820090227035825.0 ind  a979-561-163-1 0010-020900000060648 a956.94 a956.94bGar Z aGARAUDY, R aZionisbsebuah gerakan keagamaan & politikcR. Garaudy; penerjemah Moelia Radja Siregar aCet.4 aJakartabGema Insani Pressc1995 a308 hlmc18 cm aJudul asli : The case of Israel a study of political zionism aZionisme aSiregar, Mulia Raja aYOPDYOG(B) a09-09-08 a1 a98P0107462